000 00415nam a2200157Ia 4500
008 240729s9999 xx 000 0 und d
022 _a2406-0828
245 0 _aZbornik Matice Srpske za Prirodne Nauke
260 _aSerbia
260 _bMatica srpska
650 _a Science (General)
650 _aScience
856 _uhttps://doaj.org/toc/9a56c53104444254b34c74d67936e1dc
942 _2ddc
942 _cDOAJEJ
999 _c73149
_d73149
945 _a1
_bMadushi Gamage
_c1
_dMadushi Gamage